Personality psychology : (Record no. 58699)

MARC details
000 -LEADER
fixed length control field 01153nam a22002897a 4500
005 - DATE AND TIME OF LATEST TRANSACTION
control field 20111125103650.0
008 - FIXED-LENGTH DATA ELEMENTS--GENERAL INFORMATION
fixed length control field 111125t xxu||||| |||| 00| 0 eng d
010 ## - LCCN (DPL NO)
LC control number ENG-104198
020 ## - INTERNATIONAL STANDARD BOOK NUMBER
International Standard Book Number 9781259002540
Terms of availability 595.00
020 ## - INTERNATIONAL STANDARD BOOK NUMBER
International Standard Book Number 1259002543
Terms of availability 595.00
035 ## - SYSTEM CONTROL NUMBER
System control number EN-87731
037 ## - SOURCE OF ACQUISITION
Source of stock number/acquisition DBAD/PUB
040 ## - CATALOGING SOURCE
Original cataloging agency DPL
Language of cataloging Eng
082 00 - DEWEY DECIMAL CLASSIFICATION NUMBER
Classification number 155.2
Edition number 22
100 1# - MAIN ENTRY--PERSONAL NAME
Personal name Larsen, Randy J.
9 (RLIN) 36160
245 10 - TITLE STATEMENT
Title Personality psychology :
Remainder of title domains of knowledge about human nature /
Statement of responsibility, etc by Randy J. Larsen [and] David M. Buss
250 ## - EDITION STATEMENT
Edition statement 3rd ed
260 ## - PUBLICATION, DISTRIBUTION, ETC. (IMPRINT)
Place of publication, distribution, etc New Delhi
Name of publisher, distributor, etc Tata McGraw-Hill
Date of publication, distribution, etc 2011
270 ## - ADDRESS
Address 7 West Patel Nagar
City New Delhi
Postal code 110008
300 ## - PHYSICAL DESCRIPTION
Extent xxiii,759p. :
Other physical details ill.
Dimensions 27cm (pbk)
500 ## - GENERAL NOTE
General note Includes bibliographical references and indexes.
650 #0 - SUBJECT ADDED ENTRY--TOPICAL TERM
Topical term or geographic name as entry element Personality
Form subdivision Textbooks.
9 (RLIN) 36161
700 1# - ADDED ENTRY--PERSONAL NAME
Personal name Buss, David M.
9 (RLIN) 36162
942 ## - ADDED ENTRY ELEMENTS (KOHA)
Source of classification or shelving scheme Dewey Decimal Classification
Item type English Books
Classification part 155.2
Call number suffix LAR
Holdings
Withdrawn status Lost status Source of classification or shelving scheme Damaged status Not for loan Collection code Home library Current library Date acquired Source of acquisition Cost, normal purchase price Total Checkouts Full call number Barcode Date last seen Copy number Cost, replacement price Koha item type
    Dewey Decimal Classification   Not For Loan Non-fiction D.B.Act.Division D.B.Act.Division 25/11/2011 DBAD/PUB 595.00   155.2 LAR EN-87731 25/11/2011 1 595.00 English Books

© Delhi Public Library
Hit Counter
free hit counter